[Event "41st Eastman Open Ghent"]
[Site "Ghent"]
[Date "2018.07.15"]
[Round "3"]
[White "Boog, Ben"]
[Black "Malakhatko, Vadim"]
[Result "0-1"]
[WhiteElo "2130"]
[BlackElo "2499"]
[Annotator "TA"]
[PlyCount "102"]
[EventDate "2018.07.15"]
[EventCountry "BEL"]
[SourceTitle "playchess.com"]
[Source "ChessBase"]
[SourceQuality "1"]

{[%evp 12,102,0,0,39,9,36,6,1,0,14,17,15,8,20,22,12,11,29,23,30,-7,-14,-9,-3,-18,-20,-10,-10,-18,-8,-9,-11,-23,-6,-16,-16,-40,-33,-33,-43,-36,-44,-53,-31,-102,-100,-174,-174,-174,-175,-175,-181,-195,-212,-227,-220,-264,-264,-275,-256,-227,-275,-270,-274,-254,-234,-266,-252,-237,-227,-189,-54,-101,-163,-254,-254,-254,-254,-285,-133,-545,-129,-129,-137,-858,-853,-700,-633,-876,-818,-688,-503]} 1. d4 e6 2. Nf3 c5 3. c3 Nf6 4. Bf4 cxd4 5. cxd4 Qb6 6. Qc1 {A46: 1 d4 Nf6 2 Nf3 e6: Torre, London and Colle Systems} Nc6 7. e3 {LiveBook: 5 Games} Nb4 $146 (7... Nh5 {is interesting.} 8. Bg3 Be7 9. Nc3 O-O 10. Qc2 d5) ({Predecessor:} 7... Nh5 8. Bg3 Nxg3 9. hxg3 d5 10. Nc3 Bd7 11. Be2 Rc8 12. Qc2 Bd6 {1-0 (88) Kosic,D (2501)-Naiditsch,A (2652) Zlatibor 2007}) 8. Nc3 {White is slightly better.} (8. a3 {seems wilder.} Nbd5 9. Bg3 d6 10. Nbd2 Nh5 11. e4) 8... Nbd5 9. Nxd5 Nxd5 10. Bg3 Qa5+ 11. Nd2 b6 12. a3 Ba6 13. Bxa6 Qxa6 14. Qc4 Qb7 15. e4 Nf6 16. f3 (16. d5 $5) 16... Rc8 17. Qd3 d5 18. O-O Be7 19. Rac1 O-O 20. Bf4 Rfd8 21. e5 Nd7 {[%cal Bf6d7,Bd7b8,Bb8c6][%mdl 32]} 22. a4 a6 23. Nb3 Nb8 24. Rxc8 Rxc8 25. Rc1 Qd7 26. Rxc8+ Qxc8 27. Nc1 Nc6 {And now ...Nxd4! would win.} 28. Ne2 ({White should try} 28. Qc3 $15) 28... Nb4 $1 $17 {[%cal Rb4d3]} 29. Qc3 (29. Qb3 $17 {was worth a try.}) 29... Qxc3 $1 $19 30. bxc3 {[%mdl 4096] Endgame KBN-KBN} Nd3 31. Bc1 Kf8 32. f4 Ke8 33. g3 Kd7 34. Kg2 Kc6 35. Kf3 b5 36. Ke3 Nxc1 37. axb5+ Kxb5 ({Stronger than} 37... axb5 38. Nxc1 b4 39. cxb4 $11) 38. Nxc1 {KB-KN} Kc4 39. Kd2 a5 40. Kc2 a4 41. Nd3 g5 ({Better is} 41... a3 $1 $19 {[%cal Ra3a2]} 42. Nc1 g5) 42. Nb2+ $15 Kb5 43. Nd3 (43. fxg5 $142 Bxg5 44. Nd1) 43... gxf4 $19 44. gxf4 Bf8 45. h3 Bh6 (45... a3 $19 {and Black stays clearly on top. ...a2 is the strong threat.} 46. Nc1 (46. Kb3 $2 a2 $19) 46... Ka4) 46. h4 $2 {[%mdl 8192] [#]} (46. Nc5 $17 {nothing else works.}) 46... Bf8 $2 (46... a3 $1 $19 {has better winning chances. Hoping for ...a2.} 47. Nb4 (47. Kb3 $2 a2 $19) 47... Kc4) 47. h5 $17 a3 {Threatens to win with ...a2.} 48. Kb3 $2 {[%mdl 8192] [#]} (48. Nc1 $17) 48... a2 $1 $19 {[%cal Ra2a1][%mdl 512] Black is clearly winning.} 49. Kxa2 Kc4 $1 {[%csl LRc3,LRd3]} 50. Ne1 {intending Kb2.} Kxc3 51. Nf3 Be7 {Precision: White = 55%, Black = 48%.} 0-1

[Event "41st Eastman Open Ghent"]
[Site "Ghent"]
[Date "2018.07.15"]
[Round "3"]
[White "Lindam, Tngo"]
[Black "Froeyman, Helmut"]
[Result "0-1"]
[WhiteElo "2117"]
[BlackElo "2290"]
[Annotator "TA"]
[PlyCount "66"]
[EventDate "2018.07.15"]
[EventCountry "BEL"]
[SourceTitle "playchess.com"]
[Source "ChessBase"]
[SourceQuality "1"]

{[%evp 15,66,-15,7,0,11,0,0,10,19,24,25,16,26,20,56,13,39,-180,-176,-261,-250,-393,-384,-454,-451,-437,-448,-452,-404,-409,-406,-404,-401,-432,-411,-469,-487,-487,-427,-423,-418,-479,-477,-529,-544,-583,-583,-547,-496,-638,-558,-764,-750]} 1. d4 {[%cal Bd2d4,Bd4d5][%mdl 32]} f5 2. e4 fxe4 3. Nc3 Nf6 4. Bg5 Nc6 5. d5 Ne5 6. Qe2 Nf7 {A83: Dutch Defence: Staunton Gambit with 3 Nc3 Nf6 4 Bg5} 7. h4 (7. Bxf6 exf6 8. Nxe4 Qe7 9. d6 Nxd6 10. Nxd6+ cxd6 11. O-O-O Qxe2 12. Bxe2 Rb8 13. Nf3 a6 14. h4 {½-½ (54) Dobrov,V (2499)-L'Ami,E (2605) Wijk aan Zee 2017 CBM 177 [Meulders,R]}) 7... c6 8. O-O-O cxd5 {LiveBook: 8 Games. Hoping for ...e6.The position is equal.} 9. Bxf6 gxf6 10. Nxd5 e6 11. Qxe4 Bh6+ 12. Kb1 O-O {[#] Strongly threatening ...f5.} 13. Bd3 $146 {[%csl Gd3][%cal Re4h7]} ({Predecessor:} 13. Ne3 f5 14. Qf3 {0-1 (41) Neukirchner,P (2108)-Urban,K (2377) Willingen 2017}) 13... f5 14. Qf3 Kh8 15. Qh5 d6 16. Nf3 $2 (16. Ne3 $14) 16... exd5 $19 17. Ng5 (17. Nd4 $142) 17... Qf6 18. Rde1 (18. f4 $142) 18... Ne5 19. f4 Nxd3 20. cxd3 Bd7 21. Re2 Be8 22. Qf3 Bf7 23. Rhe1 Rae8 24. Rxe8 Rxe8 ({Weaker is} 24... Bxe8 25. Re6 $19) 25. Rxe8+ Bxe8 26. Qe3 Bc6 27. Qxa7 Bf8 28. Qb8 h6 {Black is clearly winning.} 29. Nf3 Kh7 30. Qc8 Bg7 {[%csl Gg7][%cal Rf6b2] [#]} 31. d4 Qf7 32. b4 Kg6 33. Qd8 Qe6 {Precision: White = 38%, Black = 71%.} 0-1

[Event "41st Eastman Open Ghent"]
[Site "Ghent"]
[Date "2018.07.15"]
[Round "3"]
[White "Bottema, Martin"]
[Black "Hamblok, Roel"]
[Result "1/2-1/2"]
[WhiteElo "2111"]
[BlackElo "2286"]
[Annotator "TA"]
[PlyCount "61"]
[EventDate "2018.07.15"]
[EventCountry "BEL"]
[SourceTitle "playchess.com"]
[Source "ChessBase"]
[SourceQuality "1"]

{[%evp 16,61,98,77,99,89,89,0,0,0,0,-4,3,-43,0,-5,-15,-68,-31,-144,-137,-151,-140,-205,-172,-191,-171,-164,-74,-51,8,8,25,0,89,80,100,94,104,114,112,118,125,117,108,101,145,60]} 1. d4 {[%cal Bd2d4,Bd4d5][%mdl 32]} Nf6 2. c4 c5 3. d5 e5 4. Nc3 d6 5. e4 Be7 6. g3 Nbd7 7. Bg2 a6 {A56: Altindisch (siehe auch A43, 44)} 8. a4 (8. Nge2 h5 9. h4 Nf8 10. a3 Bd7 11. Bg5 Rc8 12. Qd2 Ng4 13. f3 f6 14. Be3 Nxe3 15. Qxe3 {1-0 (33) Li,C (2686)-Vajda,L (2632) Sydney 2013}) 8... O-O 9. Nge2 {LiveBook: 42 Partien} Re8 {Weiß steht besser.} 10. O-O Nf8 11. f4 $146 (11. Bd2 $16) ({Vorgänger:} 11. h3 Bd7 12. Be3 b6 13. Kh2 Qc7 14. Qd3 Rab8 15. Rfb1 {½-½ (28) Plischki,S (2347)-Szablowski,P (2217) Plzen 2009}) 11... exf4 $1 $11 12. gxf4 Ng6 13. Ng3 Nh4 14. Bh1 Bg4 15. Qd3 Nd7 $36 {[%mdl 2048] Schwarz drückt.} 16. Re1 (16. Nd1 $11) 16... g5 17. e5 (17. Nf5 $15 Nxf5 18. exf5) 17... gxf4 $17 18. Bxf4 Ng6 ({Bitte nicht} 18... Nxe5 $6 19. Bxe5 dxe5 20. Be4 $15) 19. exd6 (19. Qf1 $17 {ist eine bessere Verteidigung.} Ndxe5 20. Bxe5 Nxe5 21. Nf5) 19... Nxf4 $19 20. dxe7 Rxe7 ({Und nicht} 20... Nxd3 21. exd8=R Rexd8 22. Re7 $11) 21. Qd2 {[#]} Rxe1+ (21... Nh3+ $1 $19 {und Schwarz behält klar die Oberhand.} 22. Kg2 Ne5) 22. Rxe1 $17 Qg5 (22... Nh3+ $15 23. Kg2 Qf6) 23. Nce4 $11 Nh3+ 24. Kf1 Qg6 {[#]} (24... Qh4 $11 {bleibt in der Remisbreite.}) 25. Nf2 $1 $16 h5 26. Nxh3 Bxh3+ 27. Bg2 Bg4 28. h3 h4 29. hxg4 hxg3 30. Qf4 Nf6 31. Qxg3 {Precision: Weiß = 47%, Schwarz = 28%.} (31. Bf3 $16) 1/2-1/2

[Event "41st Eastman Open Ghent"]
[Site "Ghent"]
[Date "2018.07.15"]
[Round "3"]
[White "Willemsma, Abe"]
[Black "Muradet Casadevall, Albert"]
[Result "1/2-1/2"]
[WhiteElo "2098"]
[BlackElo "2148"]
[Annotator "NA"]
[PlyCount "121"]
[EventDate "2018.07.15"]
[EventCountry "BEL"]
[SourceTitle "playchess.com"]
[Source "ChessBase"]
[SourceQuality "1"]

1. e4 Nf6 2. e5 Nd5 3. d4 d6 4. Nf3 Bg4 5. Be2 e6 6. O-O Be7 7. c4 Nb6 8. exd6 cxd6 9. Nc3 O-O 10. Be3 d5 11. b3 Nc6 12. c5 Nc8 13. b4 Bf6 {B05: Alekhine's Defence: 4 Nf3 Bg4} 14. b5 Na5 15. Rc1 $146 ({Predecessor:} 15. h3 Bxf3 16. Bxf3 Ne7 17. g4 Nc4 18. Bf4 Ng6 19. Bg3 Bh4 20. Be2 Bxg3 21. fxg3 {0-1 (35) Van Geffen,B (2140)-Klundt,K (2375) Gmunden 2007}) 15... Ne7 16. Bg5 Nf5 17. Bxf6 Qxf6 18. Ne5 Bxe2 19. Nxe2 Qd8 20. Re1 a6 $14 21. a4 f6 22. Nf3 axb5 23. axb5 Qd7 24. Nf4 Rfe8 25. Qd3 Nc4 26. h3 Ra3 27. Rc3 Rxc3 28. Qxc3 Qxb5 29. Rxe6 Rxe6 30. Nxe6 Kf7 31. Nf4 Qb1+ 32. Kh2 Qe4 33. g3 Nce3 34. Ne1 Nd1 35. Qf3 Qxf3 36. Nxf3 Ne7 37. Kg2 Nc3 38. Kf1 Nc6 39. Ke1 Na4 40. Nxd5 Ke6 41. Ne3 Nb4 42. Kd2 b6 43. cxb6 Nxb6 44. Kc3 Nc6 45. Nd2 Nd5+ 46. Kd3 h5 47. Ne4 Nce7 48. Nc5+ Kd6 49. h4 f5 50. Nc4+ Kc6 51. Ne6 Nb4+ 52. Kc3 Nbd5+ 53. Kb3 g6 54. Ne5+ Kd6 55. Nf8 f4 56. Nfxg6 fxg3 57. fxg3 Nf5 58. Kc4 Nxg3 59. Nf7+ Ke6 60. Ng5+ Kd6 61. Nf7+ 1/2-1/2

[Event "41st Eastman Open Ghent"]
[Site "Ghent"]
[Date "2018.07.15"]
[Round "4"]
[White "Epishin, Vladimir"]
[Black "Schelvis, Richard"]
[Result "1-0"]
[WhiteElo "2541"]
[BlackElo "2100"]
[Annotator "TA"]
[PlyCount "117"]
[EventDate "2018.07.15"]
[EventCountry "BEL"]
[SourceTitle "playchess.com"]
[Source "ChessBase"]
[SourceQuality "1"]

{[%evp 19,117,30,21,18,22,9,37,35,58,66,53,17,41,20,58,65,70,24,35,14,14,14,64,46,37,38,69,39,33,28,24,14,61,59,74,66,20,0,209,0,0,0,0,-26,-22,-14,0,0,7,0,0,0,0,0,7,12,16,5,13,5,3,0,68,68,68,68,68,68,75,76,75,75,79,76,97,139,436,421,414,410,916,872,12827,12829,12829,12830,12825,12807,10631,1140,12839,12839,12840,12840,12841,12842,12842,12843,12843,12843]} 1. d4 d5 2. c4 c6 3. e3 Nf6 4. Nc3 Bf5 5. cxd5 cxd5 6. Qb3 Nc6 {D10: Slav Defence: 3 cxd5 (without early Nf3) and 3 Nc3} 7. Qxb7 Bd7 8. Qb3 Rb8 9. Qd1 e5 10. Nf3 Bd6 {LiveBook: 57 Games} 11. dxe5 Nxe5 12. Be2 O-O 13. O-O Nxf3+ 14. Bxf3 Qc7 15. h3 {[#]} Rfd8 $146 16. a4 Bc6 17. Ne2 Qe7 18. g3 Ne4 19. Nd4 Bd7 20. Bg2 Rb6 21. a5 Rbb8 22. b3 Bb4 23. Qh5 Bc3 24. Ra2 Bxd4 25. exd4 Bb5 26. Ba3 Qf6 27. Re1 Qxd4 28. Re3 Nc3 $2 (28... g6 $11 29. Qf3 f5) 29. Bb2 $2 ({White has to play} 29. Rc2 $1 $18 Ne2+ 30. Rexe2 Bxe2 31. Qxe2 Qa1+ 32. Bc1) 29... Qd1+ $11 30. Qxd1 Nxd1 31. Re1 Nxb2 32. Rxb2 Bc4 33. Reb1 Bd3 34. Rd1 Bc4 $1 35. b4 Kf8 36. Bf1 Bxf1 37. Kxf1 {[%mdl 4096] Endgame KRR-KRR} a6 38. Rc1 Ke7 $1 39. Ke2 Kd6 40. Kd3 Rdc8 (40... Rd7 $11) 41. Rxc8 $14 Rxc8 {KR-KR} 42. b5 axb5 43. Rxb5 Rc4 44. Rb7 Ke6 45. a6 Ra4 46. a7 {aiming for Kc3.} g5 47. Kc3 d4+ $2 {[%mdl 8192]} (47... h5 $16 48. Kb3 Ra1) 48. Kb3 $1 $18 {[%cal Rb3a4]} Ra1 49. Kc4 Ra4+ {[#]} (49... Ke5 $142 50. Rxf7 h5 51. Re7+ Kd6) 50. Kb5 $1 {[%cal Rb5a4] White is clearly winning.} Ra1 {[#]} 51. Rb6+ $1 Kd5 52. Ra6 Rb1+ 53. Ka5 Kc5 {[#]} 54. Rc6+ $1 {[%mdl 512]} Kd5 (54... Kxc6 55. a8=Q+) 55. Rc8 Ra1+ 56. Kb6 d3 57. a8=Q+ Rxa8 58. Rxa8 Ke4 59. Kc5 {Precision: White = 62%, Black = 38%.} 1-0

[Event "41st Eastman Open Ghent"]
[Site "Ghent"]
[Date "2018.07.15"]
[Round "4"]
[White "Malakhatko, Vadim"]
[Black "Guelsen, Taylan"]
[Result "1-0"]
[WhiteElo "2499"]
[BlackElo "2180"]
[Annotator "TA"]
[PlyCount "101"]
[EventDate "2018.07.15"]
[EventCountry "BEL"]
[SourceTitle "playchess.com"]
[Source "ChessBase"]
[SourceQuality "1"]

{[%evp 15,101,12,22,-34,-35,-35,-18,-29,-24,-20,-23,-29,-12,-23,-18,-21,-22,-44,0,0,16,6,77,76,77,77,77,77,77,77,77,77,79,80,83,86,162,140,347,350,352,235,361,372,375,374,349,361,493,490,575,555,434,316,351,302,421,377,418,427,317,314,695,697,684,647,635,634,572,572,531,522,1995,1791,1710,1667,5743,3615,12841,12841,12844,12844,12846,12847,12846,12845,29992,29993]} 1. c4 e5 2. e3 Nf6 3. Nc3 Bb4 4. Nge2 c6 5. a3 Ba5 6. b4 {A22: English Opening: 1...e5 2 Nc3 Nf6} Bc7 7. d4 {[%cal Bd2d4,Bd4d5][%mdl 32]} O-O 8. d5 d6 {LiveBook: 4 Games} 9. g3 $146 (9. Ng3 $11) ({Predecessor:} 9. Ng3 a5 10. Rb1 axb4 11. axb4 Nbd7 12. Bd3 {½-½ (61) Carlsen,M (2851)-Anand,V (2775) Leuven 2017}) 9... a5 $15 {And now ...axb4 would win.} 10. Bb2 axb4 11. axb4 Rxa1 12. Qxa1 cxd5 13. cxd5 Na6 14. Ba3 {[%cal Bb2a3,Ba3b4,Bb4d6][%mdl 32]} Bf5 15. Bg2 Qd7 16. O-O h5 17. b5 Nb8 18. Bb4 Bb6 (18... Bd3 $11 {keeps the balance.}) 19. Qa3 $16 Rd8 {[#]} 20. Na4 $1 {[%cal Ra4b6]} Qxb5 {Threatening ...Ba5.} 21. Nec3 ({Reject} 21. Bxd6 Nxd5 22. Nxb6 Nxb6 $11) 21... Qa6 22. Bxd6 Nbd7 23. Nxb6 Qxa3 24. Bxa3 Nxb6 25. e4 $36 {[%mdl 2048] Black is under strong pressure.} Bc8 (25... Bd7 $16 {is a better defense.}) 26. Rc1 Ne8 $2 (26... Bd7 $16 27. Nd1 Rc8 28. Rxc8+ Nxc8) 27. Be7 $18 Rd7 28. Bc5 Na8 (28... Nc4 {was worth a try.} 29. Nb5 b6) 29. Nb5 b6 30. Bb4 Ba6 31. Bf1 Nac7 32. Nxc7 Rxc7 33. Rxc7 Nxc7 34. Bd6 Bxf1 35. Kxf1 {[%mdl 4096] Endgame KB-KN} Nb5 36. Bxe5 f6 37. Bb2 Nd6 38. f3 {[%cal Bf2f3,Bf3f4][%mdl 32]} Nc4 $2 (38... f5 39. Ba3 Nc4) 39. Bd4 b5 40. Ke2 Kf7 41. Kd3 Ke7 42. Bc5+ Kd7 43. f4 g6 44. Bb4 g5 45. Kd4 h4 46. fxg5 hxg3 47. hxg3 fxg5 48. e5 {[%cal Be4e5,Be5e6][%mdl 32]} g4 49. e6+ Kc7 50. Kc5 {[#] d6+ would kill now.} Nd6 51. Ba5+ {Precision: White = 72%, Black = 17%.} 1-0

[Event "41st Eastman Open Ghent"]
[Site "Ghent"]
[Date "2018.07.15"]
[Round "4"]
[White "Sarrau, Jelle"]
[Black "Vermaat, Marcel"]
[Result "1-0"]
[WhiteElo "2366"]
[BlackElo "2138"]
[Annotator "TA"]
[PlyCount "73"]
[EventDate "2018.07.15"]
[EventCountry "BEL"]
[SourceTitle "playchess.com"]
[Source "ChessBase"]
[SourceQuality "1"]

{[%evp 16,73,17,18,54,0,7,-19,-16,-35,0,0,0,0,0,0,0,-8,0,-45,34,55,27,14,86,54,48,35,27,58,54,58,133,129,320,316,306,266,284,262,255,276,283,258,505,492,480,314,321,316,602,556,569,577,29979,1670,29986,29987,29994,29995]} 1. Nf3 c5 2. g3 g6 3. Bg2 Bg7 4. O-O Nc6 5. e4 Nf6 (5... d6 6. d3 e5 7. Nc3 Nge7 8. Nd2 O-O 9. Nc4 Be6 10. Nd5 Kh8 11. c3 Qd7 12. a4 f5 13. a5 Bg8 14. Nxe7 Nxe7 15. Qa4 Rad8 16. Bg5 Bf6 17. Bxf6+ Rxf6 18. exf5 gxf5 {1-0 (56) Grischuk,A (2767)-Gelfand,B (2695) Moscow 2018}) 6. Re1 {A04: Unusual lines after 1 Nf3 and King's Indian Attack} O-O 7. c3 d6 8. h3 Rb8 9. d4 {LiveBook: 3 Games} Qc7 10. Bf4 $146 (10. a4 $14) ({Predecessor:} 10. Na3 b5 11. e5 dxe5 12. dxe5 Nd7 13. e6 fxe6 14. Ng5 Nde5 15. f4 {1-0 (38) Taylor,A (2212)-Norton,C (2033) Hastings 2016}) 10... e5 11. dxe5 dxe5 12. Bg5 h6 13. Bxf6 Bxf6 14. Nbd2 Be6 15. Nf1 Rfd8 16. Qe2 b5 17. Qe3 c4 ({Better is} 17... Kg7 $15) 18. Qxh6 $14 b4 19. Ne3 Bg7 (19... Qe7 $11) 20. Qg5 Ne7 21. Bf1 f6 22. Qh4 Kf7 {...Rh8 is the strong threat.} 23. g4 $1 Rh8 ({Black should play} 23... g5 $14 24. Qg3 (24. Qh7 $2 Rh8 $19) 24... bxc3 25. bxc3 Qc6) 24. Qg3 $16 g5 $2 {[#]} (24... bxc3 $16 25. bxc3 Qc6) 25. Nd4 $1 $18 {[%mdl 512]} Bd7 (25... exd4 26. Qxc7) 26. Rad1 (26. Nxc4 bxc3 27. b3 (27. bxc3 Ng6 $16) 27... Bf8 $16) (26. Bxc4+ $6 Kf8 $18) 26... bxc3 27. bxc3 Ng6 28. Nd5 ({Don't take} 28. Bxc4+ $6 Kf8 $16) (28. Nxc4 Nf4 $16) 28... Qc5 29. Nf5 Bc6 $2 (29... Bxf5 30. exf5 (30. gxf5 Nf4 $18) 30... Nf4) 30. Bxc4 Bf8 31. Qd3 {[#] Intending Nc7+ and mate.} ({Not} 31. Nde7+ Qxc4 32. Nd6+ Kxe7 $18) 31... Bb5 32. Bxb5 Rxb5 $2 (32... Qxb5 33. Qc2 Qc6) 33. Rb1 Rxb1 34. Rxb1 Nf4 35. Nxf4 (35. Rb7+ $142 Be7 36. Nxf4 exf4 37. Qd7 Re8 38. Nd6+ Qxd6 39. Qxd6 Kf8 40. Qd7) 35... gxf4 36. Qd7+ Kg6 37. Rb7 {Precision: White = 69%, Black = 29%.} 1-0

[Event "41st Eastman Open Ghent"]
[Site "Ghent"]
[Date "2018.07.15"]
[Round "4"]
[White "Froeyman, Helmut"]
[Black "Roos, David"]
[Result "1-0"]
[WhiteElo "2290"]
[BlackElo "2142"]
[Annotator "TA"]
[PlyCount "74"]
[EventDate "2018.07.15"]
[EventCountry "BEL"]
[SourceTitle "playchess.com"]
[Source "ChessBase"]
[SourceQuality "1"]

{[%evp 21,74,104,124,120,152,146,183,176,189,163,186,197,285,269,261,188,169,175,308,318,317,285,275,266,272,274,283,289,364,362,313,338,910,904,889,882,858,863,29973,29973,6287,6100,29994,29995,29995,29996,29996,29997,29997,29998,29998,29999,29999,0,29994]} 1. e4 c5 2. Nf3 d6 3. d4 cxd4 4. Nxd4 Nf6 5. Nc3 a6 6. Be2 e5 7. Nb3 Be6 8. f4 Qc7 9. g4 exf4 10. g5 {B92: Sicilian Najdorf: 6 Be2} (10. Bxf4 Nc6 11. Nc5 O-O-O 12. Nxe6 fxe6 13. Qd3 Ne5 14. Qh3 Nfd7 15. g5 Re8 16. O-O-O Kb8 17. Kb1 Qc5 {1-0 (45) Smirin,I (2685)-Timerkhanov,A (2340) St Petersburg 2016}) 10... Nfd7 11. Bxf4 Ne5 {LiveBook: 4 Games} 12. Qd2 {White is better.} Nbc6 13. O-O-O b5 $146 ({Predecessor:} 13... Rc8 14. Kb1 Ne7 15. Nd4 Bd7 16. Nf3 Bc6 17. Bg3 N7g6 18. Nd4 Be7 19. h4 O-O {1-0 (34) Volokitin,A (2493)-Ghaem Maghami,E (2500) Lausanne 2001}) 14. Nd5 Qb7 15. Kb1 Rc8 16. h4 Nc4 (16... Be7 {was called for.} 17. Nxe7 Qxe7) 17. Bxc4 $18 bxc4 18. Na5 Nxa5 19. Qxa5 Rc5 (19... Bxd5 $142 20. Qxd5 (20. Rxd5 Be7 $16) 20... Qxd5 21. Rxd5 Be7) 20. Qc3 Rg8 21. Rhe1 Kd7 22. Be3 Rc6 23. Rd4 Qb5 24. Red1 Be7 25. Bf4 Rd8 26. e5 {[%cal Be4e5,Be5d6][%mdl 32]} Bxd5 $2 {[#]} (26... Rb8 27. Nxe7 Kxe7 28. exd6+ Kd7) 27. Rxd5 Rc5 28. Rxc5 Qxc5 29. exd6 Bf8 30. Qh3+ Kc6 31. Qf3+ Kd7 32. Qb7+ Ke6 33. Re1+ Kf5 34. Qe4+ Kg4 35. Be3+ Kh5 36. Qf3+ Kg6 37. Qe4+ Kh5 $1 {Precision: White = 82%, Black = 36%.} 1-0

[Event "41st Eastman Open Ghent"]
[Site "Ghent"]
[Date "2018.07.15"]
[Round "4"]
[White "Hamblok, Roel"]
[Black "Willemsma, Abe"]
[Result "1/2-1/2"]
[WhiteElo "2286"]
[BlackElo "2098"]
[Annotator "TA"]
[PlyCount "75"]
[EventDate "2018.07.15"]
[EventCountry "BEL"]
[SourceTitle "playchess.com"]
[Source "ChessBase"]
[SourceQuality "1"]

{[%evp 15,75,16,39,29,34,-21,24,20,18,17,49,25,49,44,64,35,47,33,44,31,42,34,42,41,29,43,38,41,50,48,64,71,66,61,127,113,117,112,159,39,45,58,52,50,53,60,52,43,41,47,66,27,56,15,22,0,0,-29,-29,-33,-31,-30]} 1. Nf3 c5 2. c4 Nc6 3. b3 Nf6 4. Bb2 g6 5. g3 Bg7 6. Bg2 O-O 7. O-O d6 8. Nc3 Bf5 {LiveBook: 22 Games} 9. Rc1 {A38: Symmetrical English vs ...g6: 4 Bg2 Bg7 5 Nf3 Nf6} Qd7 10. Re1 ({White should try} 10. d4 $14) 10... Rac8 $146 ({Predecessor:} 10... Bh3 11. Bh1 h6 12. d4 cxd4 13. Nxd4 Ne5 14. e4 h5 15. f4 Neg4 16. Nf3 Nh7 {1-0 (48) Le,Q (2712)-Kasimdzhanov,R (2700) Dubai 2014}) 11. d4 {White has an edge.} cxd4 12. Nxd4 {[%cal Bf3d4,Bd4c2,Bc2e3,Be3d5][%mdl 32]} Bh3 13. Bh1 Ng4 14. Nd5 e5 {[%cal Rc6d4]} 15. Nc2 (15. Nb5 {looks sharper.} a6 16. Nbc3 Qd8 17. Bg2 Bxg2 18. Kxg2 f5 19. e4) 15... f5 16. f3 Nf6 17. Nxf6+ Bxf6 18. Ne3 f4 19. Nd5 Bg7 20. Bg2 Be6 21. e3 g5 22. Rc2 Qf7 23. Rd2 fxe3 24. Nxe3 Nd4 (24... Rcd8 $14) 25. Bxd4 $16 exd4 26. Nc2 d5 27. Rde2 ({Only move:} 27. Nxd4 $16 Bxd4+ 28. Rxd4) 27... d3 28. Rxe6 dxc2 29. Qxc2 {[#] Black must now prevent Re7.} dxc4 30. bxc4 b5 31. c5 {Threatens to win with c6.} Bd4+ 32. Kh1 {Strongly threatening c6.} Rxc5 33. Qd3 Bg7 34. Qd6 Rc2 35. f4 gxf4 {And now ...f3 would win.} 36. Be4 {[#]} fxg3 $1 {[%mdl 512]} 37. Qxg3 Qxe6 ({Inferior is} 37... Rxa2 38. Qh3 $18) 38. Bxc2 {Precision: White = 55%, Black = 52%.} 1/2-1/2

[Event "41st Eastman Open Ghent"]
[Site "Ghent"]
[Date "2018.07.15"]
[Round "4"]
[White "Hunhdorf, Arnold"]
[Black "Moradiabadi, Elshan"]
[Result "0-1"]
[WhiteElo "2234"]
[BlackElo "2538"]
[Annotator "TA"]
[PlyCount "94"]
[EventDate "2018.07.15"]
[EventCountry "BEL"]
[SourceTitle "playchess.com"]
[Source "ChessBase"]
[SourceQuality "1"]

{[%evp 22,94,20,15,22,29,29,29,25,24,12,18,77,77,75,68,77,55,128,127,133,134,120,109,248,235,222,0,0,0,0,-102,-105,-177,-51,-159,-116,-141,-116,-116,-116,-116,-118,-118,-118,-136,-120,-129,-127,-193,-165,-338,-344,-345,-333,-302,-289,-391,-352,-358,-360,-369,-376,-644,-494,-631,-532,-1050,-1043,-1037,-1015,-951,-837,-511,-495]} 1. d4 e6 2. c4 g6 3. g3 Bg7 4. Bg2 Ne7 5. Nf3 O-O 6. O-O d5 7. Nc3 Nbc6 8. cxd5 exd5 9. Bf4 Bg4 {A13: English Opening: 1...e6} (9... a6 10. Rc1 h6 11. h4 Be6 12. Qd2 Kh7 13. Rfd1 Qd7 14. Ne5 Nxe5 15. dxe5 Rad8 16. e4 d4 17. Nd5 Bxd5 18. exd5 Nxd5 19. Qxd4 Nxf4 20. Qxd7 {½-½ (34) Gaehwiler,G (2427)-Malakhov,V (2691) Germany 2018}) 10. Ne5 Nxe5 11. Bxe5 f6 12. Bf4 {LiveBook: 4 Games} c6 13. Qb3 Qb6 14. Bd6 $146 {Strongly threatening Qxb6.} ({Predecessor:} 14. Qxb6 axb6 15. Bd6 Rfe8 16. h3 Be6 17. e3 {1-0 (63) Segal,N-Ivanov,T (2310) Mlada Boleslav 1992}) 14... Rfe8 15. Bc5 Qxb3 16. axb3 b6 (16... Bf8 $11) 17. Bxe7 $16 Rxe7 {[#]} 18. Nxd5 $1 {[%mdl 512]} Rxe2 (18... cxd5 19. Bxd5+) 19. Ne3 Bd7 (19... Be6 $14) 20. d5 $1 {[%cal Rd5c6]} c5 21. d6 Rd8 22. Rxa7 f5 (22... Be6 $16) 23. Rfa1 $18 Bd4 {[#]} 24. Rb7 $2 ({White has to play} 24. Bd5+ $1 $18 Kf8 25. Ra8) 24... Be6 $11 25. Re7 Bxb3 26. Nxf5 (26. Ra3 $11 {remains equal.} Re1+ 27. Bf1) 26... Bxf2+ $17 27. Kf1 (27. Kh1 $17 {keeps fighting.} Rd2 28. Nh6+ Kf8 29. Rxh7 R2xd6 30. Rf1) 27... Rd2 ({Black should try} 27... Rxb2 $19 28. Re2 Rxe2 29. Kxe2 gxf5 30. Kxf2 Rxd6) 28. Ne3 ({White must play} 28. Re2 $1 $15 Bc4 {[#]} 29. Bd5+ $1 {[%mdl 512]} Rxd5 30. Ne7+ Kf8 31. Nxd5 Rxd6 32. Ra8+ Kg7 33. Kxf2 Bxe2 34. Kxe2 Rxd5 35. Ra7+ Kh6 36. Rb7) 28... Rf8 29. Ra8 {With the idea d7.} Bxe3+ ({Don't go for} 29... Rxb2 $2 30. d7 $18) 30. Rxf8+ Kxf8 31. Rxe3 {[%mdl 4096] Endgame KRB-KRB} Bc4+ ({Wrong is} 31... Rxb2 $2 32. d7 $18) (31... Bg8 {seems wilder.} 32. Rf3+ Kg7 33. Rf2 Bc4+ 34. Ke1 Rxd6 35. Rd2 Rd4) 32. Ke1 Rxd6 ({But not} 32... Rxg2 $2 33. d7 $18) 33. Rc3 Bf7 34. Bf1 Rd4 35. b3 (35. Rc2 $17 {is a better defense.}) 35... Ke7 36. Bc4 $2 (36. Be2) 36... Bxc4 $19 37. bxc4 {KR-KR} Kd6 38. Ke2 Kc6 39. Ke3 h5 40. Rc1 g5 {[%cal Bg6g5,Bg5h4,Bh4h3][%mdl 32]} 41. Rc2 h4 42. gxh4 $2 (42. Rc3 hxg3 43. hxg3) 42... gxh4 {Black is clearly winning.} 43. Rc1 h3 44. Rc2 b5 45. cxb5+ Kxb5 46. Rf2 Kc4 47. Rc2+ Kb4 {Precision: White = 49%, Black = 56%.} 0-1